Jurisprudencia del rǧimen seccional Segunda parte

Detalles Bibliográficos
Autor principal: Pèz Benalcz̀ar, Andrš
Formato: eBook
Lenguaje:español
Publicado: Quito: Corporacin̤ Editoria Nacional, 2004
Materias:
Acceso en línea:Acceso restringido

MARC

LEADER 00000nam a22000007a 4500
005 20141021204319.0
007 cr|||| ||||
008 141021s2004 ec |||||s|||| 00||0 spa d
020 |a 9978-84-366-3 
035 |a 12483 
040 |a vLex 
090 |c 5251  |d 5251 
100 1 |a Pèz Benalcz̀ar, Andrš 
245 1 0 |a Jurisprudencia del rǧimen seccional  |h [Recurso electrn̤ico] /  |c Andrš Pèz Benalcz̀ar  |n Segunda parte 
256 |a Servicio en ln̕ea 
260 |a Quito:  |b Corporacin̤ Editoria Nacional,  |c 2004 
300 |a 1 recurso electrn̤ico 
500 |a Dictm̀enes de la Procuradura̕ General del Estado Fallos de la Corte Suprema de Justicia. 
506 1 |a Disponible solo en los productos indicados  |d vLex Global  |d vLex Global (Academic Edition, excluding Law Schools)  |d vLex Global (U.S. Academic Edition, Law Schools)  |d vLex Global (U.S. Academic Edition, excluding Law Schools)  |d vLex Global (Academic Edition, Law Schools) 
650 0 4 |a Poder Judicial  |z Ecuador 
740 0 |a vLex Libros (Servicio en ln̕ea) 
856 4 0 |u http://vlex.com/source/jurisprudencia-del-regimen-seccional-segunda-parte-12483  |z Acceso restringido 
942 |c BOOK 
999 0 |a Judiciary